000 02129nam a2200565 a 4500
001 21470
003 VRT
005 20260302131932.0
008 240315s2008 xo a b 000 0 slo
020 _a9788055117270
_q(viaz.)
035 _a4DEFECCB-7147-4E25-879C-4F9DF1A7AAB9
035 _aurn:nbn:sk:snk-amkwgz
035 _aurn:nbn:sk:snk-am00834g
039 9 _a202408131137
_bAUTHORITY
_c202408131136
_dAUTHORITY
_c202403151929
_dVLOAD
_c201606101353
_dVLOAD
040 _aSNK
_bslo
_cSNK
_eAACR2
041 1 _aslo
_hfre
044 _axo
_cSK
072 7 _a821-93
_xLiteratúra pre deti a mládež
_2konspekt
080 _a"321/324"
_22001
080 _a641/642
_22001
080 _a316.346.32-053.4
_22001
080 _a316.346.32-053.5
_22001
080 _a746
_22001
080 _a(0.053.2)
_22001
080 _a398.9
_22001
100 1 _aKay, Sarah
_4aut
240 1 0 _aUne année avec Sarah Kay
_lSlovensky
245 1 0 _aRok zábavy so Sárou
_bučím sa, tvorím, pracujem v záhradke, varím, zabávam sa podľa ročných období-
_cSarah Kay ; [z francúzskeho originálu preložila a upravila Ráchel Almanová ; verše prebásnila Nataša Ďurinová]
250 _a1. vyd.
260 _aBratislava
_bIkar
_c2008
300 _a[121] s.
_bfareb. ilustr.
_c27 cm
500 _aNázov z obalu
650 0 7 _akuchárstvo
_2SNKPH
650 0 7 _aročné obdobia
_2SNKPH
650 0 7 _aručné práce
_2SNKPH
650 0 7 _adeti predškolského veku
_2SNKPH
650 0 7 _adeti školského veku
_2SNKPH
650 0 7 _apranostiky
_2SNKPH
655 7 _apublikácie pre deti
_2SNKPH
700 1 _aAlmanová, Rachel
_4trl
700 1 _aĎurinová, Nataša,
_d1955-
_4trl
942 _2ddc
_cKLDE
_n0
949 _63830001138893
_akurukE5.2/486
_bkuruk2021/F1691
_oD2021/ALBERTY, Štefan/farnosť Viničné/20.2.2021
949 _6270001000328940
_asvkbbC 51252
_bsvkbbm 692550*
_oTL;
949 _6273K0502944
_asvkpoC 49231
_bsvkpo511329
949 _617A0598975
_asnkSB 76642
_bsnk2008/17211
_o1915/08
_s6100:20140925
949 _617A0598976
_asnkSB 76642 D1
_bsnk2008/17212
_o1915/08
980 _a641/642
980 _a746
999 _c21470
_d21470